Countries In Pieces - Statistics

General Stats
  • This quiz has been taken 35 times
  • The average score is 20 of 30
Answer Stats
Hint Countries % Correct
Do/mi/ni/ca Dominican Republic
96%
Indonesia
96%
India
93%
Canada
89%
Mauritania
86%
Namibia
86%
Guyana
82%
East Timor
79%
Guinea Bissau
79%
Mali
79%
Mauritius
75%
Pa/na/ma Palau
71%
Marshall Islands
68%
Nauru
68%
Paraguay
68%
Malaysia
64%
Cambodia
61%
Gu/in/ea Guatemala
61%
Malta
61%
Madagascar
57%
Malawi
57%
Pakistan
57%
Cameroon
54%
Nicaragua
54%
Papua New Guinea
54%
Niger
46%
Nigeria
46%
Cape Verde
43%
Maldives
43%
Micronesia
43%
No matching quizzes found
Score Distribution
Percent of People with Each Score
Percentile by Number Answered
Your Score History
You have not taken this quiz